00387nam a2200133 450000500170000002000180001710000210003524500450005626000430010130000110014449000390015550000440019470000150023820260522160729.0 a9788198831798 aBeshenov, Alexey ap-adic Numbers and diophantine equations aNew DelhibHindustan book agencyc2026 axi+205 aCMI lecture series in mathematics  aCMI lecture series in mathematics Vol 3 aBilu, Yuri